| 000 | 00817nam a2200265 a 4500 | ||
|---|---|---|---|
| 003 | DO-SdBNP | ||
| 005 | 20250408113911.0 | ||
| 007 | ta | ||
| 008 | 220825e2022 pr |||er|||| 001 pdspa d | ||
| 020 | _a9789945637007 | ||
| 040 |
_aDO-SdBNP _bspa _cBNPHU |
||
| 082 | 4 |
_222 _bB443i |
|
| 100 | 1 |
_aBelliard, Basilio, _d1966- _923510 |
|
| 245 |
_aLa intemperie: _b(poesía). / _cBasilio Bellirard |
||
| 260 |
_aSan Juan, Puerto Rico : _bIsla Negra, _c2022 |
||
| 300 |
_a105 p. ; _c22 cm |
||
| 490 | _aFilo de Juego | ||
| 500 | _aIncluye datos biográficos del autor en las solapas de las cubiertas. | ||
| 590 | _aInventariado 2022 / MF | ||
| 650 | 4 |
_963346 _aLIiteratura _xPoesía _zRepública Dominicana |
|
| 650 | 4 |
_966 _aPoesía dominicana |
|
| 830 |
_aFilo de Juego _91014 |
||
| 910 | _aMFeliz | ||
| 942 |
_2ddc _cLBS1 |
||
| 999 |
_c52324 _d52324 |
||